20 Largest cities in Malaysia - Statistics

General Stats
  • This quiz has been taken 1,230 times
  • The average score is 7 of 15
Answer Stats
Hint Answer % Correct
1 Kuala Lumpur
99%
10 Georgetown
74%
2 Johor Bahru
74%
3 Ipoh
71%
9 Kota Kinabalu
61%
4 Kuantan
52%
5 Seremban
48%
15 Shah Alam
47%
11 Kuala Terengganu
41%
7 Klang
36%
12 Petaling Jaya
36%
6 Kota Bahru
31%
8 Taiping
26%
14 Sungai Petani
14%
13 Sibu
13%
No matching quizzes found
Score Distribution
Percent of People with Each Score
Percentile by Number Answered
Your Score History
You have not taken this quiz